[Event "FRA-ch Blitz Online Qual"]
[Site "Europe Echecs INT"]
[Date "2020.05.16"]
[Round "8"]
[White "Batout, Ethan"]
[Black "Tomasi, Elise"]
[Result "0-1"]
[WhiteElo "1267"]
[BlackElo "2030"]
[PlyCount "84"]
[EventDate "2020.05.16"]
[EventType "swiss (blitz)"]
[EventRounds "15"]
[EventCountry "FRA"]
[SourceTitle "CBM 196 Extra"]
[Source "ChessBase"]
[SourceDate "2020.07.31"]
[SourceVersion "1"]
[SourceVersionDate "2020.07.31"]
[SourceQuality "1"]

1. d4 d5 2. c4 e6 3. Nc3 Be7 4. cxd5 exd5 5. e3 c6 6. Bd3 Nf6 7. Qc2 g6 8. Nge2 Nh5 9. 0-0 Ng7 10. b3 0-0 11. Ng3 Nd7 12. Bb2 Nf6 13. h3 Re8 14. Rfe1 Bd6 15. e4 Bxg3 16. fxg3 dxe4 17. Nxe4 Nxe4 18. Bxe4 f5 19. Bf3 Be6 20. Rad1 Bd5 21. Bxd5+ Qxd5 22. Qd3 Rad8 23. Qc4 Ne6 24. Qxd5 Rxd5 25. Re5 Nc7 26. Rxe8+ Nxe8 27. Re1 Kf7 28. Kf2 Nf6 29. Kf3 Ne4 30. h4 c5 31. dxc5 Rxc5 32. g4 Rc2 33. gxf5 Nd2+ 34. Ke3 Rxb2 35. fxg6+ Kxg6 36. Re2 Nf1+ 37. Kf2 Rxe2+ 38. Kxe2 Ng3+ 39. Kf3 Nf5 40. Kf4 Nxh4 41. Kg4 Nxg2 42. Kg3 Ne1 0-1

[Event "FRA-ch Blitz Online Qual"]
[Site "Europe Echecs INT"]
[Date "2020.05.16"]
[Round "2"]
[White "Verspecht, Thierry"]
[Black "Batout, Ethan"]
[Result "1-0"]
[WhiteElo "2033"]
[BlackElo "1267"]
[PlyCount "51"]
[EventDate "2020.05.16"]
[EventType "swiss (blitz)"]
[EventRounds "15"]
[EventCountry "FRA"]
[SourceTitle "CBM 196 Extra"]
[Source "ChessBase"]
[SourceDate "2020.07.31"]
[SourceVersion "1"]
[SourceVersionDate "2020.07.31"]
[SourceQuality "1"]

1. e4 c5 2. Nf3 Nc6 3. Bb5 g6 4. Bxc6 dxc6 5. 0-0 Bg7 6. d3 Nf6 7. Nc3 Nd7 8. h3 e5 9. Be3 f6 10. Qd2 0-0 11. Na4 b6 12. a3 Re8 13. b4 cxb4 14. axb4 Nf8 15. Nxb6 Rb8 16. Nxc8 Qxc8 17. Rxa7 Ne6 18. Rfa1 Bf8 19. c3 Bg7 20. Bh6 Rd8 21. Bxg7 Nxg7 22. Qh6 Rd7 23. d4 Qe8 24. dxe5 fxe5 25. Ng5 Ne6 26. Nxh7 1-0